Quizzes
Events
Quiz Creation
Community
Videos
Private Events
Remove Ads
Sign In
Join for FREE
Feedback
Dark Mode
Quiz Categories
Sports
Geography
Music
Movies
Television
Just For Fun
Miscellaneous
History
Literature
Language
Science
Gaming
Entertainment
Religion
Holiday
For Kids
Quiz Lab
Recent
Popular Today
Quiz Kudos Today
Editor Picks
Curator Picks
Quizzes by...
Day
Popularity
Type
Ratings
Length
Year
Community
Subscriptions
Recent Discussions
Orange Saloon
Badges
Playlists
Quests
Create
Leaderboards
Showdown
Live 5
Trivia Bingo
Activity
Puzzle Library
Sporcle Events
Private Events
Virtual Trivia
Globe League
Become a Host
Pub Owners
SporcleCon
Opinionation
Our Games
Videos
Blog
Mobile Apps
Partnerships
Remove Ads and Go Orange
Feedback
History
US Presidents
World Leaders
Politics
Nation
Discovery
War
Decade
Year
Century
Biography
Art
History
US Presidents
World Leaders
Politics
Nation
Discovery
War
Decade
Year
Century
Biography
Art
Random Quiz
Search Sporcle
×
Quiz Lab
Quiz Lab
History
US Presidents
Type in answers that appear in a list
Type in answers that appear in a list
Classic
Best Score? Go Orange.
I Like Ike Lyrics Stats
Can you name the I Like Ike Lyrics?
By
Boud
6m
136 Questions
43 Plays
43 Plays
43 Plays
Comments
Comments
Give Quiz Kudos
Give Quiz Kudos
-
- Ratings
hide this ad
Replay
Link that replays current quiz
Next Quiz
Link to next quiz in quiz playlist
You Got
0%
They Got
Avg Score
55%
Avg Friend Score
Upgrade to see
Score Distribution
Jump to the score distribution portion of the page
Score
0/136
Timer
06:00
0
Plays Today
% Correct
like
90.7%
like
90.7%
like
90.7%
like
90.7%
like
90.7%
like
90.7%
Ike
86%
Ike
86%
Ike
86%
Ike
86%
Ike
86%
Ike
86%
Ike
86%
Ike
86%
Ike
86%
Ike
86%
Ike
86%
Ike
86%
Ike
86%
Ike
86%
Ike
86%
Ike
86%
Ike
86%
Ike
86%
You
76.7%
the
76.7%
the
76.7%
You
76.7%
the
76.7%
the
76.7%
and
76.7%
the
76.7%
You
76.7%
the
76.7%
the
76.7%
the
76.7%
for
74.4%
for
74.4%
for
74.4%
for
74.4%
for
74.4%
for
74.4%
for
74.4%
We
72.1%
we
72.1%
President
69.8%
% Correct
President
69.8%
President
69.8%
President
69.8%
President
69.8%
President
69.8%
President
69.8%
Everybody
60.5%
to
60.5%
Everybody
60.5%
to
60.5%
to
60.5%
Everybody
60.5%
to
60.5%
to
60.5%
I
55.8%
likes
55.8%
we'll
55.8%
likes
55.8%
we'll
55.8%
We'll
55.8%
I
55.8%
likes
55.8%
we'll
55.8%
We'll
55.8%
I
55.8%
Washington
53.5%
Washington
53.5%
Washington
53.5%
Washington!
53.5%
take
48.8%
don't
48.8%
want
48.8%
do
48.8%
take
48.8%
take
48.8%
take
48.8%
out
41.9%
Harry
41.9%
out
41.9%
out
41.9%
Hang
39.5%
or
39.5%
or
39.5%
Hang
39.5%
beat
39.5%
go
39.5%
% Correct
Hang
39.5%
beat
39.5%
beat
39.5%
banners
37.2%
in
37.2%
in
37.2%
banners
37.2%
drums
37.2%
where
37.2%
banners
37.2%
drums
37.2%
drums
37.2%
John
34.9%
with
34.9%
with
34.9%
are
34.9%
all
34.9%
with
34.9%
get
32.6%
Get
32.6%
get
32.6%
going
32.6%
way
32.6%
Dean
30.2%
Let's
30.2%
Let's
30.2%
Adlai
30.2%
that
27.9%
other
27.9%
job
25.6%
right
25.6%
We've
25.6%
But
25.6%
goes
25.6%
big
23.3%
that's
23.3%
got
23.3%
day
20.9%
step
18.6%
guy
18.6%
hep
18.6%
step
18.6%
night
18.6%
Travel
16.3%
Quiz Playlist
Details
Report
Send in Message
Add To Playlist
Classic:
Type in answers that appear in a list
Last Updated: Feb 16, 2017
Quiz Scoreboard
CHALLENGE
Sign Up to Join the Scoreboard
Show All
Scores
Hide
Comments
May contain spoilers
Recently Published
College Basketball Coaching Resumes
by pancakes188
Sports
9m
Billboard Blitz: Fleetwood Mac
by CooCooCachoo
Music
15s
Presidents Visiting Landmarks
by Hejman
History
7m
More to Explore
Quiz From the Vault
Featured Blog Post
Where Did the Easter Bunny Come From?
hide this ad
You Might Also Like...
Tags
Lyrics Quiz
US Presidents Quiz
Advertisement
campaign
Today's Top Quizzes in History
Browse History
hide this ad
Today's Top Quizzes in US Presidents
Browse US Presidents
Top Contributed Quizzes in History
1
Popular People in 1991
2
Popular People in 1981
3
Popular People in 1951
4
Popular People in 1941
5
Popular People in 1986
6
Popular People in 1976
7
Popular People in 1921
8
5-to-1: 20th Century Images of War
9
I Am Born On March 28th
10
Popular People in 1946
Explore More
Trending Topics
Anime
Marvel
Harry Potter
NBA
Crossword
Kpop
Disney
Soccer
The Office
Puzzle
Country
Pokémon
Song
NFL
WWE
hide this ad
More By:
Boud
Quiz
Plays
Rating
Category
Featured
Created
Any Player Besides Wayne Gretzky
36,847
4.53
Sports
Mar 8, 2015
Nations' Celebrations
31,783
4.60
Holiday
Jun 8, 2015
Presidents With Their Dogs
28,697
4.62
History
Mar 2, 2015
Unamused Celebrities
7,371
4.31
Entertainment
Apr 7, 2015
Best Losers - NBA Edition
5,230
3.92
Sports
Feb 8, 2015
Go to Creator's Profile
Score Distribution
Quiz Creator Spotlight
Boud
Follow
Send a Message
Quizzes Created
-
Created Quiz Play Count
-
More By This Creator
Popular Quizzes Today
1
Find the US States - No Outlines Minefield
2
Find the Countries of Europe - No Outlines Minefield
3
The Countries of the World
4
Find the US States
5
Risky Map Clicking: Biggest States A-Z
6
US States
7
Popular People in 1961
8
Movies - When Are They Set?
More History Quizzes
I Am Born On February 3rd
Quiz Lab
Trending Quizzes
Risky Map Clicking: Least Populous States A-Z
1-10 Letter G Words
1-10 Letter F Words
Risky Map Clicking: Next State Alphabetically
Risky Map Clicking: Biggest States A-Z
Recently Updated
Leaping Animals
pecheneg
Reality TV Shows (A-Z)
bhenderson79
Rickey Henderson's Hall of Fame Teammates
pecheneg
Champions League XIs: Arsenal
pecheneg
Quick Pick: Celebrities in WWE's Hall of Fame
aduchscher
A-Z Keypad Blitz II
pecheneg
Multiple Oscar Actors
pecheneg
Mystery Phrase Blitz: Oscar 'Best Actors'
pecheneg
F. Scott Fitzgerald Novels
LTH
Pick 3 Villains
ddd62291
Trending Topics
Marvel
Crossword
Kpop
Disney
Harry Potter
NBA
Anime
NFL
The Office
Puzzle
Song
Country
WWE
Soccer
Pokémon
Your Account Isn't Verified!
In order to create a playlist on Sporcle, you need to verify the email address you used during registration. Go to your
Sporcle Settings
to finish the process.
Report this User
Report this user for behavior that violates our
Community Guidelines
.
Details:
Send Report
Go to the Sporcle.com Mobile Site →
Comments